The Fire of Ares #1 / Michael Ford.
Available copies
- 0 of 1 copy available at LARL/NWRL Consortium. (Show)
- 0 of 1 copy available at Lake Agassiz Regional Library.
Current holds
0 current holds with 1 total copy.
Show Only Available Copies
| Location | Call Number / Copy Notes | Barcode | Shelving Location | Status | Due Date |
|---|---|---|---|---|---|
| Moorhead Public Library | J FOR (Text) | 33500009685991 | Main | Checked out | 07/17/2026 |
Record details
- ISBN: 9780802797445
- ISBN: 080279744X
- Physical Description: 244 p. ; 21 cm.
- Publisher: New York : Walker : 2008.
Content descriptions
| Summary, etc.: | When slaves rebel in ancient Sparta, ... Read More |
Search for related items by subject
Search for related items by series
| LDR | 01996cam a2200445 a 4500 | ||
|---|---|---|---|
| 001 | 90992 | ||
| 003 | LARL_NWRL_CONSORTIUM | ||
| 005 | 20080424082554.0 | ||
| 008 | 070706s2008 nyu c 000 1 eng d | ||
| 019 | . | ‡a156832565 | |
| 020 | . | ‡a9780802797445 | |
| 020 | . | ‡a080279744X | |
| 035 | . | ‡a(OCoLC)165477307 ‡z(OCoLC)156832565 | |
| 042 | . | ‡alcac | |
| 043 | . | ‡ae-gr--- | |
| 082 | 0 | 0. | ‡a[Fic] ‡222 |
| 100 | 1 | . | ‡aFord, Michael, ‡d1980- ‡0(LARL_NWRL_CONSORTIUM)197843 |
| 245 | 1 | 4. | ‡aThe Fire of Ares ‡n#1 / ‡cMichael Ford. |
| 260 | . | ‡aNew York : ‡bWalker : ‡bDistributed to the trade by Macmillan, ‡c2008. | |
| 300 | . | ‡a244 p. ; ‡c21 cm. | |
| 490 | 0 | . | ‡aSpartan; ‡v1 |
| 520 | . | ‡aWhen slaves rebel in ancient Sparta, twelve-year-old Lysander, guarded by an heirloom amulet, the Fire of Ares, is caught between the Spartan ruling class, with whom he has been training as a warrior since his noble heritage was revealed, and those among whom he was recently laboring as a slave. | |
| 600 | 0 | 0. | ‡aLysander, ‡dd. 395 B.C. ‡vJuvenile fiction. |
| 650 | 0. | ‡aSlavery ‡vJuvenile fiction. ‡0(LARL_NWRL_CONSORTIUM)175087 | |
| 650 | 0. | ‡aAmulets ‡vJuvenile fiction. | |
| 650 | 0. | ‡aSocial classes ‡vJuvenile fiction. | |
| 651 | 1. | ‡aSparta (Extinct city) ‡vFiction. | |
| 651 | 0. | ‡aGreece ‡xHistory ‡ySpartan and Theban Supremacies, 404-362 B.C. ‡vJuvenile fiction. | |
| 600 | 0 | 1. | ‡aLysander, ‡dd. 395 B.C. ‡vFiction. |
| 650 | 1. | ‡aSlavery ‡vFiction. ‡0(LARL_NWRL_CONSORTIUM)167431 | |
| 650 | 1. | ‡aAmulets ‡vFiction. | |
| 650 | 1. | ‡aSocial classes ‡vFiction. ‡0(LARL_NWRL_CONSORTIUM)167306 | |
| 651 | 1. | ‡aGreece ‡xHistory ‡ySpartan and Theban Supremacies, 404-362 B.C. ‡vFiction. | |
| 901 | . | ‡a90992 ‡bOCLC ‡c90992 ‡tbiblio | |

Add to basket
Permalink
Disable Highlighting